Compter de 1 à 20 en binaire - Statistiques

Statistiques générales
  • Ce quiz a été pris 117 fois
  • Le résultat moyen est 10 sur 20
Statistiques - réponses
Hint Réponse % Correct
1 1
100%
3 11
93%
2 10
92%
7 111
86%
6 110
85%
5 101
84%
4 100
74%
15 1111
59%
8 1000
52%
10 1010
51%
9 1001
47%
11 1011
45%
12 1100
44%
14 1110
41%
13 1101
36%
16 10000
25%
17 10001
15%
18 10010
12%
19 10011
4%
20 10100
3%
Aucun quiz correspondant
Distribution des résultats
% des personnes avec chaque résultat
Percentile par nombre de réponses
Votre historique - résultats
Vous n’avez pas pris ce quiz